Lat's lot

Bibliographic Details
Main Author: Lat
Format: Book
Published: K.Lumpur : Berita Publishing , 1994
Subjects:

MARC

LEADER 00000cam a2200000 7i4500
001 0000006236
002 000006733
005 20000330.0
020 |a 9679694070 
090 0 0 |a C   |b LAT 
100 0 |a Lat 
245 0 0 |a Lat's lot   |c Lat 
260 |a K.Lumpur :   |b Berita Publishing ,   |c 1994 
300 |a 140p. ;   |c 21cm. 
650 0 0 |a Cartoon and carricatures 
999 |a 00068852   |b BUKU   |c CARTOON   |e PERPUSTAKAAN KOMUNITI PETALING JAYA 
999 |a 038970   |b BUKU   |c CARTOON   |e PERPUSTAKAAN KOMUNITI PETALING JAYA 
999 |a 038977   |b BUKU   |c CARTOON   |e PERPUSTAKAAN KOMUNITI PETALING JAYA 
999 |a 038978   |b BUKU   |c CARTOON   |e PERPUSTAKAAN KOMUNITI PETALING JAYA